| 000 | 00417nam a2200157Ia 4500 | ||
|---|---|---|---|
| 008 | 220530s9999 xx 000 0 und d | ||
| 020 | _a9780470032398 | ||
| 040 | _aeng | ||
| 082 | _a610.733 | ||
| 100 |
_aHILTON P. _959751 |
||
| 245 | _aFUNDAMENTAL OF NURSING SKILLS | ||
| 250 | _aFIRST | ||
| 260 |
_aNEWDELHI _bKHANNA BOOK PUBLISHING COMPANY DELHI _c2004 |
||
| 300 | _a230 | ||
| 650 |
_aNURSING FOUNDATION _959752 |
||
| 999 |
_c1804 _d1804 |
||